| 000 | 00379pam a2200157 a 4500 | ||
|---|---|---|---|
| 020 | _c | ||
| 041 | _h | ||
| 082 |
_a618.2 _bRAJ |
||
| 100 | _aRAJAN R. | ||
| 245 |
_aULTRASOUND & COLOR DOPPLER IN OBSTERICS,GYNECOLOGY& INFERTILITY. _hTextual Documents |
||
| 250 | _a1 ED. | ||
| 260 |
_bI .A .H . R. _c2004 |
||
| 300 |
_a492: _cHB.+ _eCD. |
||
| 930 | _a4471 | ||
| 999 |
_c799002 _d799002 |
||
| 650 | _aOBST.GYNE | ||